00569 2200217 4500001002100000005001500021035002000036007000300056008004100059020002200100082001100122084001700133100001300150245007200163250001100235260003800246300003400284650001000318990001100328990001200339INLIS00000000001194020220711120028 a0010-0622000450ta220711 g 0 ind  a978-979-002-489-2 a628.11 a628.11 KUS s0 aKusnaedi1 aSumur Resapan :buntuk Pemukiman Perkotaan dan Pedesaan /cKusnaedi aCet. 1 aJakarta :bPenebar Swadaya,c2011 aiv, 68 hlm :b.ilust ;c23 cm 4aSumur a13.305 a13.305a